000
00324nam a2200133Ia 4500
005
20251222155138.0
008
251222s9999||||xx |||||||||||||| ||spa||
082
_a
ESC. 34.2
100
_a
LEVY - LAMBERT.
245
0
_a
Manual de Tecnicas Basicas p/Lab. de Salud
250
_a
1ra. ed.
264
_b
OPS/OMS
942
_c
LIB
999
_c
39087
_d
39087